[Event "Chigorin Memorial 26th"]
[Site "St Petersburg"]
[Date "2018.11.04"]
[Round "9"]
[White "Khlopushin, Dmitriy"]
[Black "Ponomarev, Vsevolod"]
[Result "0-1"]
[WhiteElo "2072"]
[BlackElo "1812"]
[PlyCount "60"]
[EventDate "2018.10.27"]
[EventType "swiss"]
[EventRounds "9"]
[EventCountry "RUS"]
[SourceTitle "CBM 187 Extra"]
[Source "ChessBase"]
[SourceDate "2018.11.04"]
[SourceVersion "1"]
[SourceVersionDate "2018.11.04"]
[SourceQuality "1"]

1. e4 e5 2. Nf3 Nc6 3. Bc4 Bc5 4. c3 Nf6 5. d3 a6 6. Bb3 d6 7. 0-0 Ba7 8. Nbd2 0-0 9. Re1 Ng4 10. Re2 Kh8 11. h3 Nh6 12. g4 Ng8 13. Nf1 h5 14. N1h2 hxg4 15. hxg4 Nh6 16. Bg5 Qd7 17. Bxh6 gxh6 18. Qd2 Kh7 19. Kh1 Ne7 20. d4 Ng6 21. Rg1 Qe7 22. Re3 Nf4 23. g5 Rg8 24. gxh6 Bh3 25. Rxg8 Rxg8 26. Ne1 Qh4 27. f3 exd4 28. cxd4 Bxd4 29. Bxf7 Rg5 30. Qxd4 Qxe1+ 0-1

[Event "Chigorin Memorial 26th"]
[Site "St Petersburg"]
[Date "2018.10.29"]
[Round "3"]
[White "Khlopushin, Dmitriy"]
[Black "Aleksandrov, Aleksej"]
[Result "0-1"]
[WhiteElo "2072"]
[BlackElo "2602"]
[PlyCount "40"]
[EventDate "2018.10.27"]
[EventType "swiss"]
[EventRounds "9"]
[EventCountry "RUS"]
[SourceTitle "CBM 187 Extra"]
[Source "ChessBase"]
[SourceDate "2018.11.04"]
[SourceVersion "1"]
[SourceVersionDate "2018.11.04"]
[SourceQuality "1"]

1. e4 e5 2. Nf3 Nc6 3. Bc4 Nf6 4. d3 h6 5. c3 d6 6. 0-0 g5 7. d4 g4 8. Ne1 Bg7 9. Be3 exd4 10. cxd4 Nxe4 11. f3 d5 12. Bxd5 Qxd5 13. fxe4 Qxe4 14. Nc2 0-0 15. Nc3 Qh7 16. Nd5 Bf5 17. Rc1 Rad8 18. Ncb4 Rfe8 19. Qd2 Nxb4 20. Nxb4 Rxe3 0-1

[Event "Chigorin Memorial 26th"]
[Site "St Petersburg"]
[Date "2018.10.27"]
[Round "1"]
[White "Khlopushin, Dmitriy"]
[Black "Stupak, Kirill"]
[Result "0-1"]
[WhiteElo "2072"]
[BlackElo "2583"]
[PlyCount "112"]
[EventDate "2018.10.27"]
[EventType "swiss"]
[EventRounds "9"]
[EventCountry "RUS"]
[SourceTitle "CBM 187 Extra"]
[Source "ChessBase"]
[SourceDate "2018.11.04"]
[SourceVersion "1"]
[SourceVersionDate "2018.11.04"]
[SourceQuality "1"]

1. e4 g6 2. d4 Bg7 3. c3 d6 4. f4 Nf6 5. Bd3 e5 6. Nf3 Bg4 7. 0-0 0-0 8. h3 Bxf3 9. Qxf3 exd4 10. cxd4 Nc6 11. d5 Nb4 12. Nc3 Nxd3 13. Qxd3 Re8 14. Bd2 Nd7 15. Rae1 Nc5 16. Qf3 a5 17. f5 Nd7 18. Qg3 Bf6 19. Re2 Kg7 20. Nd1 Be5 21. Qe3 Qh4 22. Bc3 b5 23. Rf4 Qe7 24. Ref2 f6 25. Bxe5 Qxe5 26. fxg6 hxg6 27. Rg4 b4 28. Rf5 Qe7 29. Qg3 Qf7 30. Ne3 Rh8 31. Rf2 Rh5 32. Rgf4 Rf8 33. h4 Kh7 34. Ng4 Qe7 35. Qf3 f5 36. exf5 Rhxf5 37. Qg3 Qg7 38. Kh2 Rxf4 39. Rxf4 Qxb2 40. Rxf8 Nxf8 41. Qf4 Kg7 42. Qh6+ Kf7 43. Qf4+ Ke7 44. Qe3+ Kd8 45. Qh6 Ke7 46. Qe3+ Kf7 47. Qf4+ Kg7 48. Qh6+ Kg8 49. Qg5 Qg7 50. Qf4 Nd7 51. Qg5 Ne5 52. Qd8+ Qf8 53. Nh6+ Kg7 54. Qg5 Qf6 55. Qc1 Qxh4+ 56. Kg1 Qxh6 0-1

[Event "Helsingor Xtracon op"]
[Site "Helsingor"]
[Date "2018.07.28"]
[Round "9"]
[White "Laustsen, Lars"]
[Black "Khlopushin, Dmitriy"]
[Result "1/2-1/2"]
[WhiteElo "2219"]
[BlackElo "2000"]
[PlyCount "93"]
[EventDate "2018.07.21"]
[EventType "swiss"]
[EventRounds "10"]
[EventCountry "DEN"]
[SourceTitle "CBM 185 Extra"]
[Source "ChessBase"]
[SourceDate "2018.07.29"]
[SourceVersion "1"]
[SourceVersionDate "2018.07.29"]
[SourceQuality "1"]

1. d4 d5 2. c4 e6 3. Nf3 Nf6 4. g3 a6 5. Bg2 dxc4 6. 0-0 Nc6 7. e3 Bd7 8. Qe2 Nd5 9. e4 Nb6 10. d5 Nb4 11. Ne5 Be7 12. Nc3 0-0 13. Be3 exd5 14. exd5 Bf5 15. Bxb6 cxb6 16. Qxc4 Bd6 17. Ne4 Rc8 18. Qb3 Nc2 19. Nxd6 Qxd6 20. Nc4 Qc5 21. Nxb6 Nxa1 22. Rxa1 Bc2 23. Qe3 Rfe8 24. Qxc5 Rxc5 25. d6 Rce5 26. d7 Rd8 27. Rc1 Bf5 28. a4 Kf8 29. Bxb7 Bxd7 30. Nxd7+ Rxd7 31. Bxa6 Rd2 32. b3 g6 33. Bc4 Rf5 34. Rf1 Rf3 35. Kg2 Rc3 36. h4 Rcc2 37. Kf3 Kg7 38. Ke3 Kf6 39. a5 Ra2 40. b4 Rab2 41. b5 Rdc2 42. Bd3 Rc3 43. b6 Ra3 44. Rc1 Rxa5 45. Rc6+ Kg7 46. Bc4 Rf5 47. Ke4 1/2-1/2

[Event "Helsingor Xtracon op"]
[Site "Helsingor"]
[Date "2018.07.27"]
[Round "8"]
[White "Khlopushin, Dmitriy"]
[Black "Song, Edward"]
[Result "0-1"]
[WhiteElo "2000"]
[BlackElo "2275"]
[PlyCount "52"]
[EventDate "2018.07.21"]
[EventType "swiss"]
[EventRounds "10"]
[EventCountry "DEN"]
[SourceTitle "CBM 185 Extra"]
[Source "ChessBase"]
[SourceDate "2018.07.29"]
[SourceVersion "1"]
[SourceVersionDate "2018.07.29"]
[SourceQuality "1"]

1. e4 c5 2. c3 d5 3. exd5 Qxd5 4. d4 g6 5. Nf3 Bg7 6. dxc5 Qxc5 7. Be3 Qc7 8. Na3 a6 9. Nc4 Nd7 10. a4 Nh6 11. Bd3 Nc5 12. Bc2 Nf5 13. 0-0 Be6 14. Qe2 0-0 15. a5 Nxe3 16. fxe3 Nd7 17. Ncd2 Ne5 18. Ra4 Rad8 19. Nxe5 Qxe5 20. Rb4 Qxa5 21. Nf3 Qc5 22. Nd4 Bd5 23. Kh1 b5 24. Rf4 e5 25. Rh4 exd4 26. Qg4 dxe3 0-1

[Event "Helsingor Xtracon op"]
[Site "Helsingor"]
[Date "2018.07.24"]
[Round "5"]
[White "Kristensen, Thomas Overgaard"]
[Black "Khlopushin, Dmitriy"]
[Result "0-1"]
[WhiteElo "1696"]
[BlackElo "2000"]
[PlyCount "66"]
[EventDate "2018.07.21"]
[EventType "swiss"]
[EventRounds "10"]
[EventCountry "DEN"]
[SourceTitle "CBM 185 Extra"]
[Source "ChessBase"]
[SourceDate "2018.07.29"]
[SourceVersion "1"]
[SourceVersionDate "2018.07.29"]
[SourceQuality "1"]

1. d4 d5 2. c4 e6 3. Nc3 Nf6 4. cxd5 exd5 5. Bg5 c6 6. e3 Qb6 7. Qd2 Ne4 8. Nxe4 dxe4 9. Ne2 Bb4 10. Nc3 Na6 11. Bc4 Nc7 12. 0-0 Qa5 13. Bh4 Nd5 14. Rfc1 0-0 15. a3 Bxc3 16. bxc3 Re8 17. Qb2 Re6 18. Ba2 Rg6 19. c4 Nf6 20. Bg3 Qg5 21. Qb4 Nh5 22. d5 Nxg3 23. hxg3 Rh6 24. Kf1 Bg4 25. Ke1 Qf5 26. Qxb7 Rf8 27. Qxa7 cxd5 28. cxd5 Rh1+ 29. Kd2 Qxf2+ 30. Kc3 Rxc1+ 31. Rxc1 Qxa2 32. Rf1 Rc8+ 33. Kd4 Qc4+ 0-1

[Event "Helsingor Xtracon op"]
[Site "Helsingor"]
[Date "2018.07.23"]
[Round "4"]
[White "Khlopushin, Dmitriy"]
[Black "Lund, Gunnar"]
[Result "0-1"]
[WhiteElo "2000"]
[BlackElo "2216"]
[PlyCount "36"]
[EventDate "2018.07.21"]
[EventType "swiss"]
[EventRounds "10"]
[EventCountry "DEN"]
[SourceTitle "CBM 185 Extra"]
[Source "ChessBase"]
[SourceDate "2018.07.29"]
[SourceVersion "1"]
[SourceVersionDate "2018.07.29"]
[SourceQuality "1"]

1. e4 e5 2. Nf3 Nc6 3. Bc4 Nf6 4. d4 exd4 5. e5 d5 6. Bb5 Ne4 7. Nxd4 Bc5 8. 0-0 0-0 9. Bxc6 bxc6 10. f3 f6 11. Kh1 Bxd4 12. Qxd4 fxe5 13. Qxe5 Ba6 14. Qe6+ Kh8 15. Be3 Bxf1 16. fxe4 d4 17. Bd2 Qh4 18. g3 Qh5 0-1

[Event "Chigorin Memorial 25th"]
[Site "St Petersburg"]
[Date "2017.10.25"]
[Round "5"]
[White "Shkuratov, Vladimir"]
[Black "Khlopushin, Dmitriy"]
[Result "1-0"]
[WhiteElo "1887"]
[BlackElo "1668"]
[PlyCount "39"]
[EventDate "2017.10.21"]
[EventType "swiss"]
[EventRounds "9"]
[EventCountry "RUS"]
[SourceTitle "CBM 181 Extra"]
[Source "ChessBase"]
[SourceDate "2017.12.12"]
[SourceVersion "1"]
[SourceVersionDate "2017.12.12"]
[SourceQuality "1"]

1. e4 e5 2. Nf3 Nc6 3. Bb5 a6 4. Ba4 Nf6 5. 0-0 Nxe4 6. d4 b5 7. Bb3 d5 8. dxe5 Be6 9. c3 Be7 10. Nbd2 Nc5 11. Bc2 0-0 12. Nb3 Nd7 13. Re1 Re8 14. Bf4 f6 15. Nbd4 Nxd4 16. Nxd4 Bc5 17. Nxe6 Rxe6 18. Qxd5 Bxf2+ 19. Kxf2 Nf8 20. Qxd8 1-0

[Event "Panevezys op-B"]
[Site "Panevezys"]
[Date "2017.07.06"]
[Round "5"]
[White "Vasiliauskas, Antanas"]
[Black "Khlopushin, Dmitriy"]
[Result "0-1"]
[WhiteElo "1522"]
[BlackElo "1605"]
[PlyCount "54"]
[EventDate "2017.07.03"]
[EventType "swiss"]
[EventRounds "9"]
[EventCountry "LTU"]
[SourceTitle "EXT 2018"]
[Source "ChessBase"]
[SourceDate "2017.10.13"]
[SourceVersion "1"]
[SourceVersionDate "2017.10.13"]
[SourceQuality "1"]

1. d4 d5 2. Nf3 Nf6 3. c4 e6 4. Bg5 Be7 5. e3 0-0 6. Nc3 Nbd7 7. Bd3 a6 8. 0-0 dxc4 9. Bxc4 b5 10. Bd3 c5 11. Qe2 Bb7 12. Rac1 Rc8 13. Rfd1 c4 14. Bb1 b4 15. Bxf6 Nxf6 16. Na4 Qa5 17. Nc5 Bxc5 18. dxc5 Qxc5 19. Rd4 c3 20. bxc3 bxc3 21. Qd3 e5 22. Ng5 exd4 23. Nxh7 Rfe8 24. Nxf6+ gxf6 25. Qh7+ Kf8 26. exd4 Qg5 27. Qh8+ Qg8 0-1

[Event "Panevezys op-B"]
[Site "Panevezys"]
[Date "2017.07.03"]
[Round "1"]
[White "Voroblievas, Arturas"]
[Black "Khlopushin, Dmitriy"]
[Result "1-0"]
[WhiteElo "1830"]
[BlackElo "1605"]
[PlyCount "53"]
[EventDate "2017.07.03"]
[EventType "swiss"]
[EventRounds "9"]
[EventCountry "LTU"]
[SourceTitle "EXT 2018"]
[Source "ChessBase"]
[SourceDate "2017.10.13"]
[SourceVersion "1"]
[SourceVersionDate "2017.10.13"]
[SourceQuality "1"]

1. e4 e5 2. Nf3 Nc6 3. Bb5 Bc5 4. c3 d6 5. d4 exd4 6. cxd4 Bb4+ 7. Kf1 Bd7 8. Qa4 Nge7 9. d5 Bc5 10. dxc6 bxc6 11. Bd3 0-0 12. Qc2 Ng6 13. h4 Bg4 14. h5 Bxf3 15. hxg6 Bxg2+ 16. Kxg2 fxg6 17. Qc4+ Kh8 18. f4 g5 19. e5 h6 20. Qe4 Kg8 21. Qh7+ Kf7 22. Bg6+ Ke6 23. f5+ Kd7 24. Qxg7+ Kc8 25. e6 d5 26. Rxh6 d4 27. Qd7+ 1-0

[Event "Chigorin Memorial 24th"]
[Site "St Petersburg"]
[Date "2016.10.16"]
[Round "2"]
[White "Yeritsyan, Aram"]
[Black "Khlopushin, Dmitriy"]
[Result "1-0"]
[WhiteElo "2114"]
[BlackElo "1824"]
[PlyCount "69"]
[EventDate "2016.10.15"]
[EventType "swiss"]
[EventRounds "9"]
[EventCountry "RUS"]
[SourceTitle "CBM 175 Extra"]
[Source "ChessBase"]
[SourceDate "2016.12.12"]
[SourceVersion "1"]
[SourceVersionDate "2016.12.12"]
[SourceQuality "1"]

1. d4 d5 2. c4 e6 3. Nf3 Nf6 4. g3 c6 5. Bg2 Bd6 6. Nc3 Nbd7 7. 0-0 0-0 8. Nd2 Bc7 9. e4 dxc4 10. Nxc4 b6 11. b3 Ba6 12. e5 Nd5 13. Ne4 b5 14. Ncd6 Bxd6 15. Nxd6 N7b6 16. Qc2 Qd7 17. Bd2 Ne7 18. Rac1 Nbd5 19. Rfd1 Rab8 20. Qc5 b4 21. Bxd5 exd5 22. Bxb4 Be2 23. Re1 Bh5 24. Ba3 Ng6 25. Qc3 Qh3 26. Re3 Qg4 27. f3 Qg5 28. Rf1 Nf4 29. Kh1 Nh3 30. Bc1 Rfd8 31. Re4 Qg6 32. Rh4 Ng5 33. g4 Rxd6 34. exd6 Qxd6 35. Rxh5 1-0

[Event "Liptovsky Mikulas CupT U20"]
[Site "Liptovsky Mikulas"]
[Date "2016.06.25"]
[Round "7.4"]
[White "Khlopushin, Dmitriy"]
[Black "Surpeta, Julia"]
[Result "1-0"]
[WhiteElo "1697"]
[BlackElo "1492"]
[PlyCount "47"]
[EventDate "2016.06.21"]
[EventType "team-swiss"]
[EventRounds "8"]
[EventCountry "SVK"]
[SourceTitle "CBM 173 Extra"]
[Source "ChessBase"]
[SourceDate "2016.08.29"]
[SourceVersion "1"]
[SourceVersionDate "2016.08.29"]
[SourceQuality "1"]
[WhiteTeam "St Petersburg Spassky (U20)"]
[BlackTeam "Krakow CC (U20)"]
[WhiteTeamCountry "RUS"]
[BlackTeamCountry "POL"]

1. e4 b6 2. d4 Bb7 3. Bd3 e6 4. Nf3 Be7 5. 0-0 c5 6. c3 Nf6 7. Nbd2 0-0 8. Re1 d5 9. e5 Nfd7 10. Nf1 Nc6 11. Qc2 h6 12. Be3 Rc8 13. Qd2 cxd4 14. Bxh6 dxc3 15. bxc3 d4 16. Qf4 f6 17. Bxg7 Rf7 18. Bh6 Ndxe5 19. Nxe5 Nxe5 20. Rxe5 fxe5 21. Qg4+ Kh8 22. Qh5 Qg8 23. Bf4+ Kg7 24. Qh6# 1-0

[Event "Liptovsky Mikulas CupT U20"]
[Site "Liptovsky Mikulas"]
[Date "2016.06.24"]
[Round "6.4"]
[White "Khlopushin, Dmitriy"]
[Black "Hrebicik, David"]
[Result "1-0"]
[WhiteElo "1697"]
[BlackElo "1721"]
[PlyCount "99"]
[EventDate "2016.06.21"]
[EventType "team-swiss"]
[EventRounds "8"]
[EventCountry "SVK"]
[SourceTitle "CBM 173 Extra"]
[Source "ChessBase"]
[SourceDate "2016.08.29"]
[SourceVersion "1"]
[SourceVersionDate "2016.08.29"]
[SourceQuality "1"]
[WhiteTeam "St Petersburg Spassky (U20)"]
[BlackTeam "Povazie RSA (U20)"]
[WhiteTeamCountry "RUS"]
[BlackTeamCountry "SVK"]

1. e4 c5 2. c3 Nc6 3. d4 cxd4 4. cxd4 d6 5. Nf3 Nf6 6. d5 Ne5 7. Nxe5 dxe5 8. Bd2 e6 9. Bb5+ Bd7 10. dxe6 fxe6 11. Qe2 Bc5 12. 0-0 0-0 13. Bxd7 Qxd7 14. Bc3 Qc6 15. Nd2 Rad8 16. Rac1 Qa6 17. Qxa6 bxa6 18. Bxe5 Rxd2 19. Rxc5 Nxe4 20. Rc7 Rf7 21. Rc8+ Rf8 22. Rxf8+ Kxf8 23. f3 Nf6 24. Rc1 Nd5 25. g3 g6 26. Rc8+ Kf7 27. Ra8 Nb4 28. Rxa7+ Kg8 29. Rg7+ Kf8 30. Rxh7 Nxa2 31. Rb7 Nc1 32. Rb6 Nd3 33. Bc3 Rf2 34. Rxe6 Rxf3 35. Rxg6 Nc5 36. Rf6+ Rxf6 37. Bxf6 Kf7 38. Bd4 Nb3 39. Be3 a5 40. Kg2 Na1 41. Kf3 a4 42. h4 Nc2 43. g4 a3 44. bxa3 Nxa3 45. h5 Nb5 46. g5 Nd6 47. Kf4 Kg7 48. Bd4+ Kf7 49. g6+ Kg8 50. h6 1-0

[Event "Chigorin Memorial 23rd"]
[Site "St Petersburg"]
[Date "2015.10.06"]
[Round "4"]
[White "Khlopushin, Dmitriy"]
[Black "Smorodkin, Kirill"]
[Result "1-0"]
[WhiteElo "1788"]
[BlackElo "1516"]
[PlyCount "75"]
[EventDate "2015.10.03"]
[EventType "swiss"]
[EventRounds "9"]
[EventCountry "RUS"]
[SourceTitle "CBM 168 Extra"]
[Source "ChessBase"]
[SourceDate "2015.10.29"]
[SourceVersion "1"]
[SourceVersionDate "2015.10.29"]
[SourceQuality "1"]

1. e4 e5 2. Nf3 Nc6 3. Bc4 Nf6 4. d4 exd4 5. e5 d5 6. Bb5 Ne4 7. Nxd4 Bc5 8. Be3 0-0 9. Nxc6 bxc6 10. Bxc5 Nxc5 11. Bxc6 Bb7 12. Bxb7 Nxb7 13. 0-0 f6 14. exf6 Rxf6 15. Nc3 c6 16. Qg4 Qc7 17. Rfe1 Raf8 18. Re2 Rg6 19. Qh4 Rh6 20. Qg3 Qxg3 21. hxg3 Nd6 22. Rae1 Rhf6 23. f3 h5 24. Kh2 Kh7 25. Na4 Rh6 26. Re7 a5 27. Ra7 h4 28. g4 h3 29. Ree7 hxg2+ 30. Kxg2 Rg8 31. Rxa5 Nb5 32. c3 Rf8 33. Nc5 d4 34. Ne6 Rg8 35. a4 dxc3 36. bxc3 Nxc3 37. Ng5+ Kg6 38. Re6# 1-0

[Event "Chigorin Memorial 23rd"]
[Site "St Petersburg"]
[Date "2015.10.05"]
[Round "3"]
[White "Petrochenko, Maria"]
[Black "Khlopushin, Dmitriy"]
[Result "1-0"]
[WhiteElo "1947"]
[BlackElo "1788"]
[PlyCount "117"]
[EventDate "2015.10.03"]
[EventType "swiss"]
[EventRounds "9"]
[EventCountry "RUS"]
[SourceTitle "CBM 168 Extra"]
[Source "ChessBase"]
[SourceDate "2015.10.29"]
[SourceVersion "1"]
[SourceVersionDate "2015.10.29"]
[SourceQuality "1"]

1. d4 d5 2. c4 e6 3. Nf3 Nf6 4. g3 Be7 5. Bg2 0-0 6. 0-0 dxc4 7. Ne5 Nd5 8. Nxc4 Bd7 9. Ne5 Bb5 10. Nc3 Ba6 11. Qb3 c6 12. Re1 Nd7 13. Nxd7 Qxd7 14. a3 Nb6 15. Rd1 Rad8 16. Qc2 h6 17. b3 Nd5 18. Na4 Bb5 19. e4 Nc7 20. Nc5 Bxc5 21. Qxc5 b6 22. Qh5 Kh7 23. a4 Ba6 24. Ba3 Rfe8 25. Rac1 g6 26. Qf3 Bb7 27. e5 Nd5 28. Qd3 Ne7 29. Qe2 Nf5 30. Bb2 h5 31. Be4 Ng7 32. Qf3 Rc8 33. b4 Rc7 34. Rc2 Rec8 35. Rdc1 c5 36. Bxb7 Rxb7 37. dxc5 bxc5 38. bxc5 Rbc7 39. c6 Qd5 40. Qxd5 exd5 41. e6 fxe6 42. Be5 Rf7 43. c7 Ne8 44. Rc6 Re7 45. Rb1 Kh6 46. Rb8 Rcxc7 47. Bxc7 Rxc7 48. Rxc7 Nxc7 49. Rb7 Na6 50. Rxa7 Nc5 51. Ra5 Nb7 52. Rb5 Nd6 53. Rb6 Nc4 54. Rxe6 Kg5 55. Kf1 Kf5 56. Re8 Ne5 57. f4 Nc4 58. Ke2 Nd6 59. Re5+ 1-0

[Event "Nezhmetdinov Memorial 37th"]
[Site "Kazan"]
[Date "2015.06.01"]
[Round "2"]
[White "Khlopushin, Dmitriy"]
[Black "Belova, Olga"]
[Result "0-1"]
[WhiteElo "1724"]
[BlackElo "1993"]
[PlyCount "94"]
[EventDate "2015.05.31"]
[EventType "swiss"]
[EventRounds "9"]
[EventCountry "RUS"]
[SourceTitle "CBM 166 Extra"]
[Source "ChessBase"]
[SourceDate "2015.06.18"]
[SourceVersion "1"]
[SourceVersionDate "2015.06.18"]
[SourceQuality "1"]

1. e4 e5 2. Nf3 Nc6 3. Bc4 Nf6 4. d4 exd4 5. 0-0 Nxe4 6. Re1 d5 7. Bxd5 Qxd5 8. Nc3 Qa5 9. Nxe4 Be6 10. Neg5 0-0-0 11. Nxe6 fxe6 12. Rxe6 Bd6 13. Bg5 Rdf8 14. Qe2 h6 15. Bd2 Qh5 16. h3 Qf7 17. Re1 Nd8 18. Re4 Qxa2 19. Nxd4 Qxb2 20. Qg4+ Kb8 21. Qxg7 Qb6 22. Qd7 a6 23. Qa4 Bc5 24. Ba5 Qf6 25. Nf3 Nc6 26. Re6 Qb2 27. Bd2 Rhg8 28. Qe4 Qg7 29. Qg4 Qf7 30. Qe4 Qg7 31. Qg4 Qf7 32. Qe4 Qxf3 33. Qxf3 Rxf3 34. Re8+ Ka7 35. Rxg8 Bxf2+ 36. Kh1 Bxe1 37. gxf3 Bxd2 38. Kg2 a5 39. Kf2 a4 40. Ke2 Bg5 41. h4 a3 42. hxg5 a2 43. gxh6 a1Q 44. h7 Qe5+ 45. Kf1 Nd4 46. h8Q Qe2+ 47. Kg1 Nxf3+ 0-1